000 00633nam a22002057a 4500
005 20140808123718.0
010 _aENG-110263
020 _a9788192474090
_c750.00
035 _aEN-93795
037 _bDBAD/PUB
082 _a954.09
100 _aSingh, S.K.
245 _aHistory of modern India /
_cby S.K.Singh [and] Piyush Chauhan
260 _aNew Delhi
_bAxis Books
_c2014(repr.)
270 _a4378/4B, Basement, Ansari Road, Daryaganj
_bNew Delhi
_e110002
300 _a246p.
_c22cm(Hb)
500 _aIncludes bibliographical references
700 _aChauhan, Piyush
942 _2ddc
_cEN
_mSIN
_h954.09
999 _c85238
_d85238